<?xml version="1.0" encoding="UTF-8"?><?xml-stylesheet type="text/xsl" href="static/style.xsl"?><OAI-PMH xmlns="http://www.openarchives.org/OAI/2.0/" xmlns:xsi="http://www.w3.org/2001/XMLSchema-instance" xsi:schemaLocation="http://www.openarchives.org/OAI/2.0/ http://www.openarchives.org/OAI/2.0/OAI-PMH.xsd"><responseDate>2026-06-01T19:50:08Z</responseDate><request verb="GetRecord" identifier="oai:riuma.uma.es:10630/23675" metadataPrefix="marc">https://riuma.uma.es/rest/oai/request</request><GetRecord><record><header><identifier>oai:riuma.uma.es:10630/23675</identifier><datestamp>2026-02-03T12:55:47Z</datestamp><setSpec>com_10630_22985</setSpec><setSpec>com_10630_3139</setSpec><setSpec>com_10630_10</setSpec><setSpec>col_10630_23624</setSpec></header><metadata><record xmlns="http://www.loc.gov/MARC21/slim" xmlns:dcterms="http://purl.org/dc/terms/" xmlns:doc="http://www.lyncode.com/xoai" xmlns:xsi="http://www.w3.org/2001/XMLSchema-instance" xsi:schemaLocation="http://www.loc.gov/MARC21/slim http://www.loc.gov/standards/marcxml/schema/MARC21slim.xsd">
   <leader>00925njm 22002777a 4500</leader>
   <datafield ind2=" " ind1=" " tag="042">
      <subfield code="a">dc</subfield>
   </datafield>
   <datafield ind2=" " ind1=" " tag="720">
      <subfield code="a">Idrovo Alvarado, Verónica Alexandra</subfield>
      <subfield code="e">author</subfield>
   </datafield>
   <datafield ind2=" " ind1=" " tag="720">
      <subfield code="a">Martínez-Romera, Daniel David</subfield>
      <subfield code="e">author</subfield>
   </datafield>
   <datafield ind2=" " ind1=" " tag="260">
      <subfield code="c">2021</subfield>
   </datafield>
   <datafield ind2=" " ind1=" " tag="520">
      <subfield code="a">El objetivo de esta investigación es la elaboración y validación de una rúbrica electrónica para evaluar las competencias de los Posgradistas de Pediatría en su actividad Asistencial en el área de Urgencias del Hospital Dr. Roberto Gilbert, determinando su percepción de utilidad, usabilidad y satisfacción con el uso de la plataforma Co-Rubric® mediante cuestionarios on line previamente validados.&#xd;
&#xd;
Se obtuvo una validez de contenido general de 0.97, determinada mediante el juicio de 10 expertos, y una significancia del consenso a través del coeficiente W de Kendall, estableciéndose consenso entre los expertos evaluadores y validando la rúbrica para evaluar el objeto de estudio. La consistencia interna y confiabilidad se determinó con un coeficiente Alfa de Cronbach de 0.6, aplicado a los resultados del pilotaje con 12 posgradistas, considerado suficiente para investigación exploratoria.&#xd;
&#xd;
Los posgradistas puntuaron con las más altas calificaciones en las encuestas de Usabilidad de la plataforma Co-Rubric, y la Utilidad Percibida con el uso de la rúbrica, concluyendo que es válida para evaluar las competencias de los posgradistas, y que éstos perciben útil este recurso y el proceso evaluativo, donde la plataforma utilizada tiene un nivel relevante de usabilidad y satisfacción en su manejo.</subfield>
   </datafield>
   <datafield ind1="8" ind2=" " tag="024">
      <subfield code="a">Idrovo Alvarado, V. A., &amp; Martinez-Romera, D. (2021). Usabilidad y satisfacción del uso de e-Rúbricas en la Actividad Tutorial del Área de Urgencias. Revista Practicum, 6(2), 16-34. https://doi.org/10.24310/RevPracticumrep.v6i2.12615</subfield>
   </datafield>
   <datafield ind1="8" ind2=" " tag="024">
      <subfield code="a">https://hdl.handle.net/10630/23675</subfield>
   </datafield>
   <datafield ind1="8" ind2=" " tag="024">
      <subfield code="a">https://doi.org/10.24310/RevPracticumrep.v6i2.12615</subfield>
   </datafield>
   <datafield tag="653" ind2=" " ind1=" ">
      <subfield code="a">Pediatría - Estudio y enseñanza</subfield>
   </datafield>
   <datafield ind2="0" ind1="0" tag="245">
      <subfield code="a">Usabilidad y satisfacción del uso de e-Rúbricas en la Actividad Tutorial del Área de Urgencias</subfield>
   </datafield>
</record>
</metadata></record></GetRecord></OAI-PMH>